| 000 | 00608nam a2200241Ia 4500 | ||
|---|---|---|---|
| 003 | OSt | ||
| 005 | 20220912145050.0 | ||
| 006 | a|||||r|||| 00| 0 | ||
| 007 | ta | ||
| 008 | 220909b |||||||| |||| 00| 0 eng d | ||
| 024 | _a69644 | ||
| 037 | _cTextual | ||
| 040 |
_aCSL _beng _cCSL |
||
| 041 | _aeng | ||
| 082 | _aL:3, J64 | ||
| 100 | _aMillard Nellie D | ||
| 245 | 0 | _aHuman anatomy physiology | |
| 260 |
_aLondon _bW B Saunders _c1956 |
||
| 300 |
_axi,593p. ill _ccm. |
||
| 650 | _aHuman physiology | ||
| 942 |
_hL:3, J64 _cTEXL _2CC |
||
| 999 |
_c22231 _d22231 |
||